000 01292nam a2200313 i 4500
003 EG-GICUC
005 20260226142017.0
008 251217s1998 ua ||||fr|||| 00| 0 ara d
040 _a EG-GICUC
_bara
_c EG-GICUC
_d EG-GICUC
_erda
041 0 _aara
082 0 4 _221
_a343.471
_bح س . ر
092 0 4 _221
099 _aLaw1 10 343.471 ح س . ر 1998
100 0 _aحسن ربيع
_eمؤلف.
245 1 0 _aرجعية القانون الأصلح للمتهم و موقف محكمتي النقض والدستورية العليا من القانون رقم 4 لسنة ١٩٩٦ /
_cتأليف الدكتور حسن ربيع.
264 1 _aالقاهرة :
_b{دون دار نشر}،
_c1998.
300 _a59 صفحة؛
_c24 سم.
_bإيضاحيات، صور، مثيليات ؛
336 _2rda content
_atext
337 _2rda media
_aComputer
338 _2rda carrier
_aOnline Resource
504 _a. 240-220 ببليوجرافيا: صفحات.
546 _aالنص باللغة العربية
650 1 4 _aالتشريعات المتعلقة بالمباني والإسكان
_2qrmak
650 1 4 _aالقانون الجنائى
_2qrmak
651 1 _2qrmak
856 4 0 _uhttps://fll.law.cu.edu.eg/fulltext/bks/B10-06754.pdf
905 _a77
942 _2ddc
_n0
_cBK
_e21
999 _c51456
_d51456